Alle Pokemon Attacken von Typ Stahl - Statistiken

Allgemein
  • Dieses Quiz wurde 129 mal gespielt
    11 seit der letzten Aktualisierung
  • Das Durchschnittsergebnis liegt bei 19 aus 34
Antwortstatistiken
Klasse Stärke Genau. Attacke % Korrekt
physisch 50 100 Metallklaue
100%
physisch 70 90 Stahlflügel
100%
physisch 80 100 Eisenschädel
86%
physisch 100 75 Eisenschweif
86%
physisch variiert 100 Gyroball
86%
speziell 80 100 Lichtkanone
86%
status - - Eisenabwehr
71%
speziell 140 100 Kismetwunsch
71%
physisch 60 - Magnetbombe
71%
physisch 40 100 Patronenhieb
71%
physisch variiert 100 Rammboss
71%
physisch 160 100 Riesenhammer
71%
speziell 140 95 Stahlstrahl
71%
physisch 90 90 Sternenhieb
71%
physisch 100 100 Gigantenhieb
57%
physisch 50 100 Klikkdiskus
57%
status - - Königsschild
57%
status - 85 Metallsound
57%
physisch 70 - Schmalhorn
57%
speziell 65 85 Spiegelsalve
57%
status - - Autotomie
43%
status - - Gangwechsel
43%
physisch 100 100 Gigantenstoß
43%
status - - Hilfsmechanik
43%
physisch variiert 100 Metallstoß
43%
physisch 80 100 Ankerschuss
29%
physisch 130 100 Eisenwalze
29%
speziell 120 100 Goldrausch
29%
status - - Refugium
29%
physisch 100 100 Stahlgestirn
29%
speziell 50 - Tachyon-Schnitt
29%
physisch 60 100 Panzerfäuste
14%
physisch 100 100 Reifendrehung
14%
physisch variiert 100 Stahlpresse
14%
Keine übereinstimmenden Quizze gefunden
Verteilung der Resultate
Anzahl Personen mit jedem Resultat
Perzentil nach korrekt beantworteten Fragen
Ihre Resultats-Entwicklung
Sie haben dieses Quiz seit der letzten Aktualisierung nicht gespielt